Sanat: Tango, Sir Elwoodin hiljaiset värit - Statistics

Yleistilastot
  • Tätä visaa on pelattu 10 kertaa
  • Keskiarvotulos 103 / 180
Vastaustilastot
Vastaus % Oikein
Ja
100%
ja
100%
Se
100%
se
100%
Hän
80%
hänen
80%
Hikinen
80%
ihonsa
80%
käsi
80%
Kun
80%
kun
80%
kyynelee
80%
leninkiä
80%
on
80%
painaa
80%
peittämä
80%
poskellaan
80%
suolaisen
80%
tuntee
80%
hiukset
60%
ihminen
60%
ihmistä
60%
ihmisten
60%
jumalten
60%
kaiken
60%
kaksi
60%
kiillon
60%
kiusaa
60%
kuka
60%
Kuka
60%
lyö?
60%
lyö
60%
maan
60%
meikin
60%
Nuo
60%
nuo
60%
parketin
60%
Poika
60%
saa
60%
tahtia
60%
taivaan
60%
taivuttaa
60%
tanssia
60%
Tanssia
60%
Tytön
60%
tyttöään
60%
Vain
60%
vain
60%
välillä
60%
Yli
60%
yli
60%
hallin
40%
hetkeks
40%
huulensa
40%
huutavat
40%
istuu
40%
jää?
40%
juotavaa
40%
karttaa
40%
katseet
40%
kaunista
40%
kiiltää
40%
kohtaa?
40%
kuin
40%
lähtee
40%
laskee?
40%
myöntää
40%
nousee
40%
oudon
40%
pienien
40%
Pientä
40%
ruusuinen
40%
rytmiä
40%
salin
40%
savuisen
40%
suurien
40%
Suurta
40%
takertuu
40%
tangossa
40%
tarha
40%
toisensa
40%
toisiaan
40%
totista
40%
unohtaa
40%
valoissa
40%
Väsyneet
40%
Elämänviivoja
20%
harha
20%
hetken
20%
ilma
20%
jauhoon
20%
Kengät
20%
kumartaa?
20%
lattiaa
20%
liukuvat
20%
Mihin
20%
piirtää
20%
pitkin
20%
poskea
20%
poskelle
20%
Rasvainen
20%
savuinen
20%
Sydän
20%
tahteja
20%
tukka
20%
Tuoksuu
20%
Mies
0%
naistaan
0%
vie
0%
Ehtoja vastaavia visoja ei löytynyt
Tulosjakauma
Jokaisen tuloksen saaneiden osuus
Persentiili vastausten määrän mukaan
Tuloshistoriasi
Et ole pelannut tätä visaa